000 00486nam a2200169 4500
999 _c162445
_d162445
005 20190313162858.0
010 _aENG-124882
020 _a9788190647960
_c299.00
035 _aEN-108414
037 _bDBAD/PUB
082 _a332.6
245 _aEtfs and indexing/
260 _aNew Delhi
_bTV 18 Broadcast Ltd,
_c2009
270 _a507, Prabhat Kiran , 17, Rajendra Place,
_bNew Delhi
_e110008
300 _a134p.
_c21cm(Hb)
_bill.
942 _2ddc
_cEN
_h332.6
_mETF